01272nam a2200313 a 4500001001000000003000900010005001700019007000300036008004100039040003000080082002000110111015100130245009900281246004900380264009800429300002600527336002700553337003300580338002800613500009300641590002500734611001000759650001000769650001000779910000700789942001300796952013200809999001700941000028298DO-SdBNP20240306092253.0ta240306s1990 dr ac 000 0 spa d aDO-SdBNPbspacBNPHUerda a021.7bF3562222 a1ra Feria del Libro y La cultura Bani 90n(1ª :ddel 3 al 11 de marzoc226 Aniversario de la Fundación de Bani , República Dominicana)95529010a1ra Feria del libro y la cultura Bani 90 :ben honor a Héctor Colombino Perelló, Programa.13aPrimera Feria del libro y la cultura Bani 90 aBani, República Dominicana :bAsociación de Arte y Cultura de la Provincia Peravia,c1990 a10 paginas. ;c23 cm. 2rdacontentatextobtxt 2rdamediaasin mediaciónbn 2rdacarrieravolumenbnc aEn honor a : Héctor Colombo Perelló, en el 226 aniversario de la Fundación de Bani aInventariado,2024/DG 955291 955292 955293 aDG 2ddccLF2 00102ddc51708PD-FaBNPHUbBNPHUcCTd2024-03-06edonaciónl0oBNPHU PD 021.7 F356p2024-1272r2024-03-06w2024-03-06yLF2 c56039d56039